01406nam a2200241Ia 4500001001100000003001000011008004100021040002500062041001300087100004400100245003700144250001100181260008900192300002800281500023900309501011400548520023900662650004500901942000700946957000600953999004300959952016201002L808-31012IT-CnALBA170116s9999||||xx |||||||||||||| ||und|| aIT-CnALBAcIT-CnALBA aITALIANO aJOLANDA (PSEUD.) PLATTIS MAJ. M. (NOME) 0aPAGINE MISTICHE. OPERA POSTUMA.  a1a ed. a BOLOGNAbCAPPELLI LICINIO - EDITORE c1919 [1° Ed.:1919 - Ed.Ling.Originale: 1919] a225 p. (prefazione: 16) aPROEMIO DI LANCELLOTTI A. IL VANGELO. LAVIA. FEDE. RELIGIONE. CARITÀ. UMILTÀ DEDIZIONE. UGUAGLIANZA. NATIVITÀ. RISURREZIONE. TRASFIGURAZIONE. LA MADONNA. FELICITÀ DOLORE. PREGHIERA. PENTIMENTO PERDONO. FIDUCIA. RIPOSO. MORTE.  aSocietà San Paolo EM - Piazza San Paolo, 14 - 12051 ALBA (CN) (non commercial uses only) ® Copyright 2017 aPROEMIO DI LANCELLOTTI A. IL VANGELO. LAVIA. FEDE. RELIGIONE. CARITÀ. UMILTÀ DEDIZIONE. UGUAGLIANZA. NATIVITÀ. RISURREZIONE. TRASFIGURAZIONE. LA MADONNA. FELICITÀ DOLORE. PREGHIERA. PENTIMENTO PERDONO. FIDUCIA. RIPOSO. MORTE.  aNARRATIVA DI VARIE LETTERATURE - ROMANZI cBK 71 a35786bSI g Copie: 1 c289852d289852 0010406L_8083101271aALBAbALBAd2017-01-16l0oL808-31012r2017-01-16 00:00:00w2017-01-16yBKz(data import: 16 gennaio 2017) - By Epidotti, Vaglietti.